000 01252cam a2200505 4500500
005 20260405001642.0
041 _afre
042 _adc
100 1 0 _aLe Breton, Marine
_eauthor
245 0 0 _aQui est mon corps?
260 _c2013.
500 _a4
690 _aarts martiaux
690 _aBaudrillard
690 _aBoris Razon
690 _aCorps
690 _aDanse
690 _aDescartes
690 _aEsprit
690 _aExpériences
690 _aFitness
690 _aIdentité
690 _aInsomnie
690 _aIsabelle Queval
690 _aJaegwon Kim
690 _aMerleau-Ponty
690 _aNietzsche
690 _aPaul Valéry
690 _aPerformance
690 _aPhilosophie analytique
690 _aPlaton
690 _aPotentialités
690 _aSaint Paul
690 _aSensations
690 _aSpinoza
690 _aSport
690 _aStar Trek
690 _aSurvenance
690 _aTéléportation
690 _aTransgenre
690 _aZen
690 _aZumba
786 0 _nPhilosophie magazine | 74 | 11 | 2013-11-01 | p. 32-32 | 1951-1787
856 4 1 _uhttps://shs.cairn.info/magazine-philosophie-magazine-2013-11-page-32?lang=fr&redirect-ssocas=7080
999 _c2049704
_d2049705